000 00405nam a22001697a 4500
005 20160518112603.0
008 160518b xxu||||| |||| 00| 0 eng d
020 _a81-203-1248-1
041 _aeng
082 _b2840
100 _aKaul, Asha
_9282
245 _aBusiness Communication
260 _aNew Delhi
_bPHI learning Pvt. Ltd.
_c2004
300 _a125
650 _aManagement
_9241
942 _cBK
999 _c1003
_d1003